Discurso leído en la Universidad Literaria de Sevilla en el acto de la apertura del curso académico de 1879 a 1880 / (Registro nro. 26830)

Detalles MARC
000 -LEADER
campo de control de longitud fija 00973nam a2200205 i 4500
001 - NÚMERO DE CONTROL
campo de control 26830
003 - IDENTIFICADOR DE NÚMERO DE CONTROL
campo de control ES-MaACL
005 - FECHA Y HORA DE LA ÚLTIMA TRANSACCIÓN
campo de control 20230906153517.0
007 - CAMPO FIJO DE DESCRIPCIÓN FÍSICA--INFORMACIÓN GENERAL
campo de control de longitud fija t|
008 - DATOS DE LONGITUD FIJA--INFORMACIÓN GENERAL
campo de control de longitud fija 030110s1879 sp ||||1| spa d
100 1# - ENTRADA PRINCIPAL--NOMBRE DE PERSONA
Nombre de persona Arrese Duque, Daniel Ramón de.
9 (RLIN) 23265
245 10 - MENCIÓN DEL TÍTULO
Título Discurso leído en la Universidad Literaria de Sevilla en el acto de la apertura del curso académico de 1879 a 1880 /
Mención de responsabilidad, etc. por Daniel Ramón de Arrese y Duque.
260 ## - PUBLICACIÓN, DISTRIBUCIÓN, ETC.
Lugar de publicación, distribución, etc. Sevilla :
Nombre del editor, distribuidor, etc. [s.n.],
Fecha de publicación, distribución, etc. 1879 (
Fabricante Imprenta y Librería Española y Extrangera)
300 ## - DESCRIPCIÓN FÍSICA
Extensión 52 p. ;
Dimensiones 27 cm.
500 ## - NOTA GENERAL
Nota general Tema del discurso: Progreso obtenido en el conocimiento del hebreo y del árabe clásicos.
650 #4 - PUNTO DE ACCESO ADICIONAL DE MATERIA--TÉRMINO DE MATERIA
Término de materia o nombre geográfico como elemento de entrada Lenguas semíticas.
9 (RLIN) 136390
710 2# - ENTRADA AGREGADA--NOMBRE DE ENTIDAD CORPORATIVA
Nombre de entidad corporativa o nombre de jurisdicción como elemento de entrada Universidad Literaria de Sevilla.
9 (RLIN) 7391
852 ## - LOCALIZACIÓN
Ubicación ES-MaACL
Número de control de estantería T-323-F-3
Nota libre .- Enc. hol.
-- .-Falto de la cub. original
-- .-Enc. en un vol. facticio
852 ## - LOCALIZACIÓN
Ubicación ES-MaACL
Número de control de estantería T-392-F-5
Nota libre .- Enc. hol.
-- .- Falto de la cub. original
-- .- Enc. en un vol. facticio
Existencias
Estatus retirado Estado de pérdida Estado de daño No para préstamo Colección Biblioteca de origen Biblioteca actual Ubicación en estantería Fecha de adquisición Fuente de adquisición Total de préstamos Signatura topográfica completa Código de barras Visto por última vez Precio de reemplazo Tipo de ítem Koha
        Colección de folletos Biblioteca del Ateneo de Madrid Biblioteca del Ateneo de Madrid Depósito folletos 17/01/2008     T-392-F-5 1027694 23/02/2023 23/02/2023 Folleto
        Colección de folletos Biblioteca del Ateneo de Madrid Biblioteca del Ateneo de Madrid Depósito folletos 17/01/2008     T-323-F-3 1027693 23/02/2023 23/02/2023 Folleto